புரோட்டோசோவா - Purōṭṭōcōvā ஆசிரியர் இரா. முருகேசன் : (Record no. 600061)

MARC details
000 -LEADER
fixed length control field 00571nam a2200181 a 4500
008 - FIXED-LENGTH DATA ELEMENTS--GENERAL INFORMATION
fixed length control field 251204s1972##################000#0#eng##
082 04 - DEWEY DECIMAL CLASSIFICATION NUMBER
Classification number 593.1
Item number MUR
100 1# - MAIN ENTRY--AUTHOR NAME
Personal name முருகேசன், இரா. - Murukēcaṉ, irā.,
245 10 - TITLE STATEMENT
Title புரோட்டோசோவா - Purōṭṭōcōvā ஆசிரியர் இரா. முருகேசன் :
260 ## - PUBLICATION, DISTRIBUTION, ETC. (IMPRINT)
Year of publication 1972.
300 ## - PHYSICAL DESCRIPTION
Number of Pages [v], 248 p.
500 ## - GENERAL NOTE
General note Includes glossary
942 ## - ADDED ENTRY ELEMENTS (KOHA)
Koha item type Reference
Holdings
Withdrawn status Lost status Damaged status Not for loan Home library Current library Shelving location Date acquired Full call number Accession Number Price effective from Koha item type
        Anna Centenary Library Anna Centenary Library COMPETITIVE SECTION - SEVENTH FLOOR 04.12.2025 593.1 MUR G015152 04.12.2025 Reference

Find us on the map